| 000 | 00575nam a2200205Ia 4500 | ||
|---|---|---|---|
| 003 | OSt | ||
| 005 | 20220925210402.0 | ||
| 006 | a|||||r|||| 00| 0 | ||
| 007 | ta | ||
| 008 | 220923b |||||||| |||| 00| 0 eng d | ||
| 037 | _cGeneral Book | ||
| 040 |
_aRTL _cRTL _beng |
||
| 041 |
_2eng _aeng |
||
| 082 | _aY:5.23.N514, J9 | ||
| 100 |
_aDandekar Kumudini _9134312 |
||
| 245 | 0 | _aDemographic survey of six rural communities. | |
| 260 |
_aIndia _bGovt. Press |
||
| 942 |
_hY:5.23.N514, J9 _cGB _2CC |
||
| 999 |
_c554933 _d554933 |
||